Critical Theories (Record no. 60517)
[ view plain ]
| 000 -LEADER | |
|---|---|
| fixed length control field | 00507nam a22001937a 4500 |
| 005 - DATE & TIME | |
| control field | 20260316151722.0 |
| 008 - FIXED-LENGTH DATA ELEMENTS--GENERAL INFORMATION | |
| fixed length control field | 260316b |||||||| |||| 00| 0 eng d |
| 020 ## - ISBN | |
| International Standard Book Number | 9788126918270 |
| Price | 795.00 |
| 040 ## - CATALOGING SOURCE | |
| Original cataloging agency | Doon University |
| 041 ## - Language | |
| Language | English |
| 082 ## - DDC NUMBER | |
| Classification number | 809 |
| Book Number | SIN |
| 100 ## - MAIN ENTRY--PERSONAL NAME | |
| Personal name | Sinha, M. P. |
| 245 ## - TITLE STATEMENT | |
| Title | Critical Theories |
| Sub Title | : Indian and Western |
| 260 ## - PUBLICATION, DISTRIBUTION, ETC. (IMPRINT) | |
| Place of publication, distribution, etc | Chennai |
| Name of publisher, distributor, etc | Atlantic Publishers |
| Date of publication, distribution, etc | 2013 |
| 300 ## - PHYSICAL DESCRIPTION | |
| Pages | 272 |
| 650 ## - Subject | |
| Subject | Hindu Studies |
| 700 ## - Added Entry Personal Name | |
| Added Entry Personal Name | Agnihotri, Neeraj |
| 942 ## - ADDED ENTRY ELEMENTS (KOHA) | |
| Koha item type | Books |
| 100 ## - MAIN ENTRY--PERSONAL NAME | |
| -- | 15561 |
| 650 ## - Subject | |
| -- | 25783 |
| 700 ## - Added Entry Personal Name | |
| -- | 26484 |
| 952 ## - LOCATION AND ITEM INFORMATION (KOHA) | |
| -- | 2026-03-16 |
| 952 ## - LOCATION AND ITEM INFORMATION (KOHA) | |
| -- | 2026-03-16 |
| 952 ## - LOCATION AND ITEM INFORMATION (KOHA) | |
| -- | 2026-03-16 |
| 952 ## - LOCATION AND ITEM INFORMATION (KOHA) | |
| -- | 2026-03-16 |
| Withdrawn status | Lost status | Source of classification or shelving scheme | Damaged status | Not for loan | Location (home branch) | Sublocation or collection (holding branch) | Date acquired | Koha full call number | Accession No. | Koha date last seen | Koha item type | Koha issues (times borrowed) |
|---|---|---|---|---|---|---|---|---|---|---|---|---|
| Not For Loan | Doon University | Doon University | 16.03.2026 | 809 SIN | 53396 | 16.03.2026 | Reference | |||||
| Doon University | Doon University | 16.03.2026 | 809 SIN | 53397 | 16.03.2026 | Books | ||||||
| Doon University | Doon University | 16.03.2026 | 809 SIN | 53398 | 16.03.2026 | Books | ||||||
| Doon University | Doon University | 16.03.2026 | 809 SIN | 53399 | 16.03.2026 | Books |